Инновационный путь развития Республики Карелия (Запись № 1639405)

Подробности
000 -МАРКЕР
контрольное поле 01916nam0a2200373 4500
001 - ИДЕНТИФИКАТОР ЗАПИСИ
контрольное поле RU\NLR\bibl\1191465
005 - ИДЕНТИФИКАТОР ВЕРСИИ
контрольное поле 20260405150916.0
010 ## - МЕЖДУНАРОДНЫЙ СТАНДАРТНЫЙ НОМЕР КНИГИ (ISBN)
Номер (ISBN) 978-5-9274-0297-7
Тираж 200
021 ## - НОМЕР ГОСУДАРСТВЕННОЙ РЕГИСТРАЦИИ
Код страны Российская Федерация
Номер 2007-92753
Номер Листа государственной регистраци 5013
035 ## - ДРУГИЕ СИСТЕМНЫЕ НОМЕРА
Идентификатор записи (nilc)EL/0000164919
035 ## - ДРУГИЕ СИСТЕМНЫЕ НОМЕРА
Идентификатор записи (NLR Aleph) 001178016
100 ## - ДАННЫЕ ОБЩЕЙ ОБРАБОТКИ
Данные общей обработки 20080105d2007 |||y0rusy50 ca
101 0# - ЯЗЫК РЕСУРСА
Язык текста, звукозаписи и т.д. русский
102 ## - СТРАНА ПУБЛИКАЦИИ ИЛИ ПРОИЗВОДСТВА
Страна публикации Российская Федерация
105 ## - ПОЛЕ КОДИРОВАННЫХ ДАННЫХ: ТЕКСТОВЫЕ МАТЕРИАЛЫ, МОНОГРАФИЧЕСКИЕ
Кодированные данные о монографическом текстовом документе a |||||||||
200 1# - ЗАГЛАВИЕ И СВЕДЕНИЯ ОБ ОТВЕТСТВЕННОСТИ
Основное заглавие Инновационный путь развития Республики Карелия
Первые сведения об ответственности А.Е. Курило, Е.Г. Немкович, П.В. Дружинин [и др.]
Последующие сведения об ответственности Карел. науч. центр Рос. акад. наук, Ин-т экономики
210 ## - ПУБЛИКАЦИЯ, РАСПРОСТРАНЕНИЕ И ДР.
Место издания, распространения и т.д. Петрозаводск
Имя издателя, распространителя и т. д. Карельский научный центр РАН
Дата издания, распространения и т.д. 2007
215 ## - ФИЗИЧЕСКАЯ ХАРАКТЕРИСТИКА
Специфическое обозначение материала и объем 161, [1] с.
Другие сведения о физической характеристике ил.
Размеры 20
300 ## - ОБЩИЕ ПРИМЕЧАНИЯ
Текст примечания На обороте тит.л. авт.: А. Е. Курило, к.э.н., Е. Г. Немкович, к.т.н., П. В. Дружинин, к.т.н. [и др.]
320 ## - ПРИМЕЧАНИЯ О НАЛИЧИИ В ДОКУМЕНТЕ БИБЛИОГРАФИИ / УКАЗАТЕЛЯ
Текст примечания Библиогр. в конце кн. и в подстроч. примеч.
606 1# - НАИМЕНОВАНИЕ ТЕМЫ КАК ПРЕДМЕТ
Наименование темы Инновационная деятельность
Географический подзаголовок Карелия, Республика
Системный номер авторитетной/нормативной записи 2505043
Идентификатор авторитетной/нормативной записи RU\NLR\auth\661485467
686 ## - ИНДЕКСЫ ДРУГИХ КЛАССИФИКАЦИЙ
Индекс 65.9(2Рос.Кар)-551я431
Издание LBC/M
Код системы
686 ## - ИНДЕКСЫ ДРУГИХ КЛАССИФИКАЦИЙ
Индекс У9(2)-55(2Р-6Кар)
701 #1 - ИМЯ ЛИЦА - АЛЬТЕРНАТИВНАЯ ОТВЕТСТВЕННОСТЬ
Код отношения Автор
Материалы, к которым относится поле rus
Графика поля Кириллица
Начальный элемент ввода Курило
Часть имени, кроме начального элемента ввода А. Е.
Даты 1965-
Расширение инициалов личного имени Анна Евгеньевна
Идентификатор авторитетной/нормативной записи RU\NLR\auth\7762149
Системный номер авторитетной/нормативной записи 45079
701 #1 - ИМЯ ЛИЦА - АЛЬТЕРНАТИВНАЯ ОТВЕТСТВЕННОСТЬ
Код отношения Автор
Материалы, к которым относится поле rus
Графика поля Кириллица
Начальный элемент ввода Немкович
Часть имени, кроме начального элемента ввода Е. Г.
Даты 1939-
Расширение инициалов личного имени Евгений Григорьевич
Идентификатор авторитетной/нормативной записи RU\NLR\auth\7762151
Системный номер авторитетной/нормативной записи 45081
701 #1 - ИМЯ ЛИЦА - АЛЬТЕРНАТИВНАЯ ОТВЕТСТВЕННОСТЬ
Код отношения Автор
Материалы, к которым относится поле rus
Графика поля Кириллица
Начальный элемент ввода Дружинин
Часть имени, кроме начального элемента ввода П. В.
Даты 1956-
Расширение инициалов личного имени Павел Васильевич
Идентификатор авторитетной/нормативной записи RU\NLR\auth\7762152
Системный номер авторитетной/нормативной записи 45082
801 #0 - ИСТОЧНИК ЗАПИСИ
Страна Российская Федерация
Организация НБР Карелия
Дата составления 20080105
Правила каталогизации rcr
801 #1 - ИСТОЧНИК ЗАПИСИ
Страна Российская Федерация
Организация НБР Карелия
Дата составления 20080105
801 #2 - ИСТОЧНИК ЗАПИСИ
Страна Российская Федерация
Организация NLR
Дата составления 20080221
Правила каталогизации rcr
942 ## - ДОПОЛНИТЕЛЬНЫЕ ЭЛЕМЕНТЫ ЗАПИСИ (АБИС)
Тип экземпляра АБИС Книга
980 ## - КОЛЛЕКЦИЯ
Название коллекции Национальная библиография
980 ## - КОЛЛЕКЦИЯ
Название коллекции НБР
Экземпляры
Тип экземпляра Дата поступления Источник поступления Библиотека постоянного хранения Библиотека текущего хранения Место хранения Шифр хранения Штрих-код Статус экземпляра
Книга 21.02.2008 Обязательный экземпляр РНБ (Московский) РНБ (Московский) Русский книжный фонд: издания с 1957 года 2008-3/5071 2612701  
Книга 21.02.2008 Обязательный экземпляр РНБ (Московский) РНБ (Московский) Русский книжный фонд: издания с 1957 года 2008-3/5071 2612702